[Event "SRB-chT2 Vojvodina"]
[Site "Palic"]
[Date "2024.11.03"]
[Round "8.3"]
[White "Stamenkovic, Aleksandar"]
[Black "Labus, Vladislav"]
[Result "1-0"]
[WhiteElo "1999"]
[BlackElo "1856"]
[PlyCount "101"]
[EventDate "2024.10.29"]
[EventType "team-tourn"]
[EventRounds "11"]
[EventCountry "SRB"]
[SourceTitle "CB45_2024"]
[Source "ChessBase"]
[SourceDate "2024.11.06"]
[SourceVersion "1"]
[SourceVersionDate "2024.11.06"]
[SourceQuality "1"]
[WhiteTeam "Nova Pazova Mladost"]
[BlackTeam "Indjija"]
[WhiteTeamCountry "SRB"]
[BlackTeamCountry "SRB"]

1. d4 b6 2. Nf3 Bb7 3. g3 f5 4. Bg2 Nf6 5. c4 e6 6. 0-0 Be7 7. Nc3 0-0 8. Bf4 Nh5 9. d5 g5 10. Be3 g4 11. Nd4 Qc8 12. dxe6 Bxg2 13. exd7 Qb7 14. Re1 Nxd7 15. f3 Bh3 16. Ne6 Ne5 17. Qd5 Qxd5 18. Nxd5 Bd6 19. Nxf8 Rxf8 20. c5 bxc5 21. f4 Nc4 22. Rac1 Nxe3 23. Nxe3 Ng7 24. Nc4 Re8 25. Kf2 Re7 26. Red1 Ne8 27. Rd5 Rf7 28. Ne3 c6 29. Rxf5 Nf6 30. Rc4 h6 31. b4 Kg7 32. bxc5 Bc7 33. Ra4 a5 34. Rd4 Kg6 35. Kg1 Re7 36. Rxf6+ Kxf6 37. Kf2 h5 38. Nc4 h4 39. e4 Kg6 40. Ne3 hxg3+ 41. hxg3 Rf7 42. Nf5 Rxf5 43. exf5+ Kxf5 44. Rd7 Bb8 45. Rb7 Bxf4 46. Rf7+ Ke5 47. gxf4+ Kd4 48. Ra7 Kxc5 49. f5 Kb6 50. Kg3 Bf1 51. f6 1-0

[Event "SRB-chT2 Vojvodina"]
[Site "Palic"]
[Date "2024.11.02"]
[Round "7.3"]
[White "Labus, Vladislav"]
[Black "Ilincic, Aleksa"]
[Result "1-0"]
[WhiteElo "1856"]
[BlackElo "2186"]
[PlyCount "135"]
[EventDate "2024.10.29"]
[EventType "team-tourn"]
[EventRounds "11"]
[EventCountry "SRB"]
[SourceTitle "CB45_2024"]
[Source "ChessBase"]
[SourceDate "2024.11.06"]
[SourceVersion "1"]
[SourceVersionDate "2024.11.06"]
[SourceQuality "1"]
[WhiteTeam "Indjija"]
[BlackTeam "Novi Sad Vojvodina"]
[WhiteTeamCountry "SRB"]
[BlackTeamCountry "SRB"]

1. Nf3 Nf6 2. g3 g6 3. Bg2 Bg7 4. 0-0 0-0 5. c4 d6 6. d4 Nbd7 7. Nc3 e5 8. e4 Re8 9. d5 Nc5 10. Nh4 a5 11. Be3 b6 12. Qc2 Nh5 13. a3 Nf4 14. gxf4 exf4 15. Bxf4 Qxh4 16. Bg3 Qe7 17. Rae1 Ba6 18. b4 axb4 19. axb4 Bxc4 20. bxc5 Bxf1 21. Bxf1 bxc5 22. Bb5 Reb8 23. Bc6 Ra5 24. Rb1 Rxb1+ 25. Nxb1 Qf6 26. Kg2 Qd4 27. Nd2 c4 28. Bf4 Ra3 29. Qxc4 Qf6 30. Be3 Qh4 31. e5 Qe7 32. Qb4 Ra2 33. exd6 cxd6 34. Qb8+ Bf8 35. Qe8 Qh4 36. Qe4 Qd8 37. Nf3 Qe7 38. Qxe7 Bxe7 39. Bh6 f6 40. Be3 Kf7 41. Bd7 Rb2 42. Nd4 Bd8 43. Nb5 Ke7 44. Bc6 Ba5 45. Bd4 Rd2 46. Be3 Rb2 47. Na7 Kd8 48. Bd4 Rc2 49. Bxf6+ Kc7 50. Nb5+ Kb8 51. Nxd6 Bb6 52. Ne4 Kc8 53. Nd6+ Kc7 54. Nb5+ Kc8 55. Bh4 g5 56. Nd6+ Kb8 57. Bg3 Bc7 58. Nf7 Bxg3 59. Kxg3 g4 60. Nh6 Rc3+ 61. Kxg4 Kc7 62. f4 Rc2 63. h4 Rg2+ 64. Kf5 Rh2 65. Kg5 Rg2+ 66. Ng4 Kd6 67. Kf5 Ke7 68. d6+ 1-0

[Event "SRB-chT2 Vojvodina"]
[Site "Palic"]
[Date "2024.11.01"]
[Round "6.4"]
[White "Labus, Vladislav"]
[Black "Kovacevic, Sinisa"]
[Result "0-1"]
[WhiteElo "1856"]
[BlackElo "2179"]
[PlyCount "56"]
[EventDate "2024.10.29"]
[EventType "team-tourn"]
[EventRounds "11"]
[EventCountry "SRB"]
[SourceTitle "CB45_2024"]
[Source "ChessBase"]
[SourceDate "2024.11.06"]
[SourceVersion "1"]
[SourceVersionDate "2024.11.06"]
[SourceQuality "1"]
[WhiteTeam "Indjija"]
[BlackTeam "Mladenovo"]
[WhiteTeamCountry "SRB"]
[BlackTeamCountry "SRB"]

1. e4 e6 2. d4 d5 3. e5 c5 4. c3 Nc6 5. Nf3 Qb6 6. Bd3 cxd4 7. 0-0 Bd7 8. a3 Rc8 9. Re1 dxc3 10. Nxc3 Na5 11. Bc2 Nc4 12. Na4 Qc7 13. Bd3 Ne7 14. Nc3 Ng6 15. Qe2 Be7 16. h4 Bxh4 17. Nxh4 Nxh4 18. b3 Nxe5 19. Nxd5 exd5 20. Bb2 0-0 21. Bxe5 Qb6 22. Qb2 Bf5 23. Re3 Bxd3 24. Bxg7 Rc2 25. Qf6 Nf5 26. Qxb6 axb6 27. Bxf8 Nxe3 28. Bh6 Ng4 0-1

[Event "SRB-chT2 Vojvodina"]
[Site "Palic"]
[Date "2024.10.31"]
[Round "4.4"]
[White "Labus, Vladislav"]
[Black "Jocev, Milan"]
[Result "0-1"]
[WhiteElo "1856"]
[BlackElo "2246"]
[PlyCount "68"]
[EventDate "2024.10.29"]
[EventType "team-tourn"]
[EventRounds "11"]
[EventCountry "SRB"]
[SourceTitle "CB45_2024"]
[Source "ChessBase"]
[SourceDate "2024.11.06"]
[SourceVersion "1"]
[SourceVersionDate "2024.11.06"]
[SourceQuality "1"]
[WhiteTeam "Indjija"]
[BlackTeam "Dec"]
[WhiteTeamCountry "SRB"]
[BlackTeamCountry "SRB"]

1. e4 e5 2. Nf3 Nf6 3. Nxe5 Nxe4 4. Qe2 Qe7 5. Qxe4 d6 6. Be2 Qxe5 7. Qxe5+ dxe5 8. 0-0 Nc6 9. Re1 Bd7 10. Bb5 0-0-0 11. Bxc6 Bxc6 12. Rxe5 Bd6 13. Re1 Rde8 14. Rf1 h5 15. Nc3 h4 16. h3 g5 17. f3 f5 18. d4 g4 19. d5 gxh3 20. Bg5 Reg8 21. f4 hxg2 22. Kxg2 Bxf4 23. dxc6 Rxg5+ 24. Kf3 Bd6 25. Rae1 Rg3+ 26. Ke2 bxc6 27. Rxf5 Re8+ 28. Kd1 Rxe1+ 29. Kxe1 h3 30. Ne2 h2 31. Rf1 Rg2 32. Rh1 Bc5 33. a4 Rg1+ 34. Nxg1 hxg1Q+ 0-1

[Event "Vojvodina-chT"]
[Site "Novi Sad"]
[Date "2017.11.13"]
[Round "1.2"]
[White "Farkas, Tibor"]
[Black "Labus, Vladislav"]
[Result "1-0"]
[WhiteElo "2315"]
[BlackElo "2103"]
[PlyCount "83"]
[EventDate "2017.11.13"]
[EventType "team-tourn"]
[EventRounds "11"]
[EventCountry "SRB"]
[SourceTitle "CBM 181 Extra"]
[Source "ChessBase"]
[SourceDate "2017.12.12"]
[SourceVersion "1"]
[SourceVersionDate "2017.12.12"]
[SourceQuality "1"]
[WhiteTeam "Pacir Backa"]
[BlackTeam "Indija Sloga"]
[WhiteTeamCountry "SRB"]
[BlackTeamCountry "SRB"]

1. e4 Nf6 2. e5 Ng8 3. d4 d6 4. exd6 exd6 5. Nf3 Nf6 6. Bd3 Be7 7. h3 Nbd7 8. 0-0 0-0 9. c4 Re8 10. Nc3 Nf8 11. d5 Ng6 12. Nd4 Ne5 13. Be2 c5 14. dxc6 bxc6 15. Bf4 Qb6 16. Qd2 Rb8 17. b3 Bf8 18. Rad1 Bb7 19. Rfe1 Ng6 20. Be3 Qc7 21. Nf5 d5 22. Bxa7 Rbd8 23. c5 Qc8 24. Nd4 Ne4 25. Nxe4 dxe4 26. Bg4 Qa8 27. Bb6 Rd5 28. Qc2 h5 29. Bf5 Nh4 30. Bxe4 Rg5 31. g3 Qb8 32. Kh2 Rxe4 33. Qxe4 Ng6 34. Nf3 Rd5 35. Rxd5 cxd5 36. Qe8 Bc8 37. Qc6 Ne7 38. Qc7 Qa8 39. Rxe7 Qxa2 40. c6 Qxb3 41. Re3 Qb2 42. Re8 1-0

[Event "Gligoric Cup 4th"]
[Site "Novi Banovci"]
[Date "2017.05.28"]
[Round "5.7"]
[White "Kovacic, Misa"]
[Black "Labus, Vladislav"]
[Result "1-0"]
[WhiteElo "2212"]
[BlackElo "2072"]
[PlyCount "145"]
[EventDate "2017.05.25"]
[EventType "team-swiss"]
[EventRounds "5"]
[EventCountry "SRB"]
[SourceTitle "CBM 178 Extra"]
[Source "ChessBase"]
[SourceDate "2017.06.22"]
[SourceVersion "1"]
[SourceVersionDate "2017.06.22"]
[SourceQuality "1"]
[WhiteTeam "Belgrade Cukaricki"]
[BlackTeam "Indija Sloga"]
[WhiteTeamCountry "SRB"]
[BlackTeamCountry "SRB"]

1. c4 f5 2. Nf3 Nf6 3. g3 e6 4. Bg2 Be7 5. 0-0 0-0 6. b3 d6 7. Bb2 e5 8. d3 Nbd7 9. Nc3 c6 10. b4 a6 11. a4 Ng4 12. Nd2 f4 13. h3 Nh6 14. e3 fxe3 15. fxe3 Qb6 16. Qe2 Qxb4 17. Nce4 Qb6 18. g4 Nf7 19. Ba3 Qc7 20. Ng3 Nf6 21. Nf5 Be6 22. h4 Bxf5 23. gxf5 Qd7 24. Ne4 Nxe4 25. Bxe4 Bxh4 26. Qh5 Bf6 27. Kf2 Ng5 28. Rh1 Rfd8 29. Rag1 h6 30. Qg6 Qf7 31. Rxh6 Qxg6 32. Rxg6 Nh3+ 33. Ke2 Nxg1+ 34. Rxg1 Kf7 35. Rb1 Rab8 36. Bf3 Ke7 37. Bb4 b5 38. axb5 cxb5 39. c5 dxc5 40. Bxc5+ Kd7 41. Bd5 Rh8 42. Be6+ Ke8 43. Kf3 Rd8 44. Rb3 Rh4 45. e4 Rh3+ 46. Ke2 Rh2+ 47. Ke3 Bg5+ 48. Kf3 Rd2 49. Kg4 Be7 50. Bxe7 Kxe7 51. Rc3 R2xd3 52. Rc7+ R3d7 53. Bxd7 Rxd7 54. Rc6 Ra7 55. Re6+ Kd7 56. Rxe5 Kd6 57. Rd5+ Kc6 58. Rd8 b4 59. e5 b3 60. Rb8 Rb7 61. Rxb7 Kxb7 62. f6 b2 63. f7 b1Q 64. f8Q Qe4+ 65. Kh3 Qd3+ 66. Kg4 Qd4+ 67. Kh3 Qc3+ 68. Kg4 Qc8+ 69. Qf5 Qxf5+ 70. Kxf5 a5 71. e6 Kc7 72. Kg6 a4 73. e7 1-0

[Event "Vojvodina-chT"]
[Site "Kac"]
[Date "2016.11.21"]
[Round "10.2"]
[White "Labus, Vladislav"]
[Black "Bulajic, Ratko"]
[Result "0-1"]
[WhiteElo "2061"]
[BlackElo "2331"]
[PlyCount "72"]
[EventDate "2016.11.15"]
[EventType "team-tourn"]
[EventRounds "11"]
[EventCountry "SRB"]
[SourceTitle "CBM 175 Extra"]
[Source "ChessBase"]
[SourceDate "2016.12.12"]
[SourceVersion "1"]
[SourceVersionDate "2016.12.12"]
[SourceQuality "1"]
[WhiteTeam "Sloga"]
[BlackTeam "Sombor"]
[WhiteTeamCountry "SRB"]
[BlackTeamCountry "SRB"]

1. e4 c5 2. Nf3 a6 3. d4 cxd4 4. Nxd4 Nf6 5. Nc3 e5 6. Nf3 Bb4 7. Bg5 Qc7 8. Bd2 0-0 9. Nd5 Nxd5 10. exd5 Bc5 11. Ng5 f5 12. d6 Bxd6 13. Qh5 h6 14. h4 Rf6 15. Rh3 b5 16. Bd3 Bf8 17. Bxf5 d5 18. Bxc8 Qxc8 19. 0-0-0 g6 20. Qe2 Nc6 21. Qd3 Rd6 22. h5 hxg5 23. hxg6 Bg7 24. Rdh1 e4 25. Qf1 Rxg6 26. f4 gxf4 27. Bxf4 Qe6 28. Qd1 Rd8 29. Qh5 Qf6 30. Qh7+ Kf7 31. g3 Qxb2+ 32. Kd1 Rh8 33. Qxh8 Bxh8 34. Rxh8 Nd4 35. R1h2 Nf3 36. R2h7+ Rg7 0-1

[Event "Vojvodina-chT"]
[Site "Kac"]
[Date "2016.11.20"]
[Round "9.2"]
[White "Mastrapovic, Vladimir"]
[Black "Labus, Vladislav"]
[Result "1-0"]
[WhiteElo "2289"]
[BlackElo "2061"]
[PlyCount "63"]
[EventDate "2016.11.15"]
[EventType "team-tourn"]
[EventRounds "11"]
[EventCountry "SRB"]
[SourceTitle "CBM 175 Extra"]
[Source "ChessBase"]
[SourceDate "2016.12.12"]
[SourceVersion "1"]
[SourceVersionDate "2016.12.12"]
[SourceQuality "1"]
[WhiteTeam "Banovci Dunav"]
[BlackTeam "Sloga"]
[WhiteTeamCountry "SRB"]
[BlackTeamCountry "SRB"]

1. e4 c5 2. Nf3 d6 3. d4 cxd4 4. Nxd4 Nf6 5. Nc3 a6 6. Be3 e6 7. Qd2 Be7 8. f3 0-0 9. g4 b5 10. 0-0-0 Nfd7 11. Kb1 Nc5 12. g5 Bb7 13. a3 Qc7 14. h4 Nc6 15. h5 Ne5 16. Qg2 Rfc8 17. Bc1 Bf8 18. g6 fxg6 19. hxg6 h6 20. Qh3 Re8 21. b4 Nb3 22. Ncxb5 axb5 23. Nxb5 Qb6 24. cxb3 d5 25. f4 Nc6 26. f5 Nxb4 27. f6 gxf6 28. Bxh6 Rxa3 29. Nxa3 Nc2 30. Bxf8 Kxf8 31. Nxc2 Ke7 32. exd5 1-0

[Event "Belgrade op"]
[Site "Belgrade"]
[Date "2009.12.01"]
[Round "8"]
[White "Labus, Vladislav"]
[Black "Mladenovic, Aleksandar"]
[Result "1/2-1/2"]
[WhiteElo "1958"]
[BlackElo "1709"]
[PlyCount "80"]
[EventDate "2009.11.24"]
[EventType "swiss"]
[EventRounds "9"]
[EventCountry "YUG"]
[SourceTitle "CBM 133 Extra"]
[Source "ChessBase"]
[SourceDate "2010.01.05"]
[SourceVersion "1"]
[SourceVersionDate "2010.01.05"]
[SourceQuality "1"]

1. e4 e5 2. Nf3 Nf6 3. Nxe5 d6 4. Nf3 Nxe4 5. d4 d5 6. Be2 Be7 7. 0-0 0-0 8. Nbd2 Bf5 9. Ne5 Bd6 10. f4 c5 11. Nxe4 Bxe4 12. Be3 Re8 13. dxc5 Bxe5 14. fxe5 Nc6 15. Bb5 Rxe5 16. Bf4 Re6 17. Bxc6 bxc6 18. c3 Qe7 19. Qd4 Re8 20. Rac1 h6 21. Rf2 Qh4 22. Rcf1 Bg6 23. Qd2 Re4 24. b4 Qg4 25. h3 Qe6 26. a4 a6 27. Kh2 Re2 28. Rxe2 Qxe2 29. Qc1 Qa2 30. Re1 Rxe1 31. Qxe1 Be4 32. Qg3 Qxa4 33. Be5 Bg6 34. Qh4 Qc2 35. Qd8+ Kh7 36. Bd4 Qd2 37. Qh4 f6 38. Qf2 Qxf2 39. Bxf2 Bd3 40. g3 Kg6 1/2-1/2

[Event "Belgrade op"]
[Site "Belgrade"]
[Date "2009.11.30"]
[Round "7"]
[White "Popovic, Mladen"]
[Black "Labus, Vladislav"]
[Result "1-0"]
[WhiteElo "2190"]
[BlackElo "1958"]
[PlyCount "78"]
[EventDate "2009.11.24"]
[EventType "swiss"]
[EventRounds "9"]
[EventCountry "YUG"]
[SourceTitle "CBM 133 Extra"]
[Source "ChessBase"]
[SourceDate "2010.01.05"]
[SourceVersion "1"]
[SourceVersionDate "2010.01.05"]
[SourceQuality "1"]

1. e4 d6 2. d4 Nf6 3. Nc3 g6 4. f3 Bg7 5. Be3 0-0 6. Qd2 e5 7. dxe5 dxe5 8. Qxd8 Rxd8 9. Nb5 Na6 10. Bc4 b6 11. Ne2 Ne8 12. Bd5 Rxd5 13. exd5 Nb4 14. 0-0-0 Nxa2+ 15. Kb1 Nb4 16. g4 Bb7 17. c4 a6 18. Nbc3 Nd6 19. b3 a5 20. Na4 b5 21. Nc5 Bc8 22. cxb5 Nxb5 23. Bc1 f5 24. Ne6 fxg4 25. fxg4 a4 26. bxa4 Rxa4 27. h3 Nxd5 28. Rxd5 Rb4+ 29. Kc2 Bxe6 30. Rd8+ Kf7 31. Rf1+ Bf6 32. Bg5 Bf5+ 33. gxf5 Bxg5 34. fxg6+ Kxg6 35. Rg8+ Kh6 36. Rf5 Re4 37. Ng3 Nd4+ 38. Kd1 Nxf5 39. Nxf5+ Kh5 1-0